000 00347 a2200097 4500
020 _a9261065813
920 _a92-61-06581-3
245 0 _aHandbook on Land Mobile :
_bPrinciples and Approaches on Evolution to IMT-2000/FPLMTS /
_c.
_nvol.1
710 2 _aInternational Telecommunication Union.
_eWydawca
_4pbl
260 _aGeneva :
_bITU,
_c1997.
300 _aVIII, 36 s.;
_c30 cm.
999 _c685
_d685